000 00757nam a22002292a 4500
001 18111
003 BD-RjUL
005 20211209000234.0
008 140219s1942 nyu 000 0 eng d
035 _a(BD-RjUL)18169
040 _aDLC
_cWSU
_dSER
_dBD-RjUL
_beng
041 _aeng
082 _a810.9
_bKAO 1942
100 1 _aKazin, Alfred,
_d1915-1998
_955809
245 1 0 _aOn native grounds ;
_ban interpretation of modern American prose literature /
_cby Alfred Kazin
260 _aNew York :
_bReynal & Hitchcock,
_c1942
300 _axiii, 541 p. :
_c23 cm
650 0 _aAmerican prose literature
_xHistory and criticism
_955810
650 0 _aAmerican literature
_y20th century
_xHistory and criticism.
_951595
942 _2ddc
_cBK
999 _c18111
_d18111